000 00531nam a22001817a 4500
008 150518b xxu||||| |||| 00| 0 eng d
020 _a9780073523354
020 _a0073523356
041 0 _aeng
080 _a519.6
100 1 _aBravaco, Ralph.
245 1 0 _aJava programming :
_cRalph Bravaco, Charles Simonson.
250 _a1st ed.
260 _aDubuque, IA :
_bMcGraw-Hill,
_cc2010.
300 _a1085, [13] p. :
_bMe il:
_c26 cm.
650 0 _aJava (Programimi i gjuhës kompjuterike)
942 _2udc
_cBK
999 _c809
_d809